000 00473nam a2200181Ia 4500
003 GCL
008 140319s9999 xx 000 0 eng d
040 _aGCL /
_cGCL
082 0 4 _a341
_bL R
100 1 _aLEFEBVRE, FRANCIS
245 1 0 _aROYAUME - UNI JURIDIQUE: FISCAL SOCIAL COMPTABLE /
_cLEFEBVRE, FRANCIS
260 _a[S.N] :
_bJANVIER ،
_c1995
300 _a526 P
650 0 4 _aLAW
650 0 4 _aINTERNATIONAL LAW
650 0 4 _aUNITED NATIONS
942 _2ddc
_cBK
999 _c16400
_d16400